000 00762nam a22001817a 4500
999 _c61998
_d61998
003 Ge_BSU
005 20240620092119.0
008 240620s1959 ge ||||| |||| 00| 0 geo d
041 _ageo
080 _a616-091-7 ჟ-99
100 _aჟღენტი, ვ.
_922509
245 _aპათოლოგანატომიური სექციის ტექნიკა /
_cვ. ჟღენტი; რედ. ი. ტატიშვილი.
264 _aთბილისი :
_bცოდნა,
_c1959.
300 _a432 გვ. :
_bილ. ;
_c24 სმ.
653 _aპათოლოგიური ანატომია
700 _aტატიშვილი, ი.
_eრედაქტორი
_93867
942 _2udc
_cᲬᲘᲒᲜᲘ